More fooles yet. Written by R.S.

Bibliographic Details
Main Author: Sharpe, Roger
Format: eBook
Language:English
Published: At London : Printed [by T. Purfoot] for Thomas Castleton, and are to be sold at his shop without Cripple-gate, An. 1610.
Series:Early English books online.
Subjects:
Online Access:Connect to the full text of this electronic book

MARC

Tag First Indicator Second Indicator Subfields
LEADER 00000nam a2200000 4500
001 in00004223421
005 20200806095940.0
006 m g d
007 cr bn |||a|bb|
008 910417s1610 enk o 00| | eng d
035 |a (UnM)99841871 
037 |a CL0036000017  |b ProQuest. 789 E. Eisenhower Parkway, Ann Arbor, MI 48108-3218 
040 |a Cu-RivES  |c Cu-RivES  |d CStRLIN  |e dcrb  |d WaOLN 
100 1 |a Sharpe, Roger. 
245 1 0 |a More fooles yet. Written by R.S. 
260 |a At London :  |b Printed [by T. Purfoot] for Thomas Castleton, and are to be sold at his shop without Cripple-gate,  |c An. 1610. 
300 |a 1 online resource ([36] pages) 
336 |a text  |b txt  |2 rdacontent 
337 |a computer  |b c  |2 rdamedia 
338 |a online resource  |b cr  |2 rdacarrier 
500 |a R.S. = Roger Sharpe. 
500 |a Printer's name from STC. 
500 |a In verse. 
500 |a Signatures: A-E⁴ (A1, E4 blank). 
500 |a Reproduction of the original in the Folger Shakespeare Library. 
510 4 |a STC (2nd edition)  |c 22379. 
533 |a Electronic reproduction.  |b Ann Arbor, Mich. :  |c UMI,  |d 1999-  |f (Early English books online)  |n Digital version of: (Early English books, 1475-1640 ; 581:19)  |7 s1999 miun s 
650 0 |a Epigrams, English  |v Early works to 1800. 
830 0 |a Early English books online. 
856 4 0 |u http://proxy.library.tamu.edu/login?url=https://search.proquest.com/docview/2240899515  |z Connect to the full text of this electronic book  |t 0 
999 f f |s b041f9c2-3806-3f21-87e8-23d289c104bb  |i 432a67f3-62df-3b90-b761-134e04b10d1c  |t 0 
952 f f |a Texas A&M University  |b College Station  |c Electronic Resources  |d Available Online  |t 0  |h No information provided 
998 f f |t 0  |l Available Online